UBT Library

The Chemical Weapons Convention : (Record no. 1018)

000 -LEADER
fixed length control field 00698nam a22001937a 4500
008 - FIXED-LENGTH DATA ELEMENTS--GENERAL INFORMATION
fixed length control field 150609b xxu||||| |||| 00| 0 eng d
020 ## - INTERNATIONAL STANDARD BOOK NUMBER
International Standard Book Number 9789280811230
041 0# - LANGUAGE CODE
Language code of text/sound track or separate title eng
080 ## - UNIVERSAL DECIMAL CLASSIFICATION NUMBER
Universal Decimal Classification number 623.458
100 ## - Rafti
Rafti Thakur, Ramesh Chandra and Haru, Ere.
245 04 - TITLE STATEMENT
Title The Chemical Weapons Convention :
Statement of responsibility, etc edited by Ramesh Thakur and Ere Haru.
260 ## -
-- Tokyo ;
-- New York :
-- United Nations University Press,
-- c2006.
300 ## -
-- xi, 190 p. ;
-- 24 cm.
650 #0 -
-- Kontrolla e armëve kimikale
-- Kongrese
650 #0 -
-- Kontrolla e armëve kimikale
-- Kongrese
-- Verifikim
700 1# -
-- Thakur, Ramesh Chandra,
700 1# -
-- Haru, Ere.
942 ## - ADDED ENTRY ELEMENTS (KOHA)
Source of classification or shelving scheme
Item type Books
Holdings
Withdrawn status Lost status Source of classification or shelving scheme Damaged status Not for loan Collection code Permanent location Current location Shelving location Date acquired Total Checkouts Full call number Date last seen Price effective from Koha item type
          Koleksioni i përgjithshem UBT - Lipjan UBT - Lipjan Koleksioni i përgjithshem 06/09/2015   623.458 THA 06/09/2015 06/09/2015 Books
UBT Library © 2015-2024. All rights reserved University Education for Business and Technology